Braving the odds: My journey in olive green (Record no. 532933)

000 -LEADER
fixed length control field 00521nam a22001457a 4500
008 - FIXED-LENGTH DATA ELEMENTS--GENERAL INFORMATION
fixed length control field 260402b ||||| |||| 00| 0 eng d
100 ## - MAIN ENTRY--PERSONAL NAME
Personal name Tomar, Jitendra Kumar
245 ## - TITLE STATEMENT
Title Braving the odds: My journey in olive green
260 ## - PUBLICATION, DISTRIBUTION, ETC. (IMPRINT)
Place of publication, distribution, etc U.S.I. Journal
300 ## - PHYSICAL DESCRIPTION
Extent 105(642), Oct-Dec, 2025: p.767-772
520 ## - SUMMARY, ETC.
Summary, etc Jitendra Kumar Tomar, Pages: 156, Price: 500.-Repropuced

https://usiofindia.org/pdf/USI_Journal_Oct_Dec_2025_Final.pdf
773 ## - HOST ITEM ENTRY
Main entry heading U.S.I. Journal
906 ## - LOCAL DATA ELEMENT F, LDF (RLIN)
Subject DIP BOOK REVIEW
942 ## - ADDED ENTRY ELEMENTS (KOHA)
Item type Articles
Holdings
Withdrawn status Lost status Source of classification or shelving scheme Damaged status Not for loan Permanent location Current location Date acquired Serial Enumeration / chronology Barcode Date last seen Koha item type
          Indian Institute of Public Administration Indian Institute of Public Administration 2026-04-02 105(642), Oct-Dec, 2025: p.767-772 AR138448 2026-04-02 Articles

Powered by Koha